|
|
|
|
| LEADER |
00000cam a2200000 7i4500 |
| 001 |
0000030649 |
| 005 |
20220105104047.0 |
| 008 |
110216 |
| 020 |
|
|
|a 9833746095
|
| 090 |
0 |
0 |
|a JP ANM
|b MAL
|
| 100 |
1 |
|
|a Jantan Umbat
|
| 245 |
1 |
0 |
|a Badak yang tamak
|c Jantan Umbat
|
| 260 |
|
|
|a Selangor :
|b Asia Galaxy ,
|c 2007
|
| 440 |
|
|
|a Siri bacaan khazanah bangsa
|
| 500 |
|
|
|a Children age 4-6 years old (yellow)
|
| 650 |
|
0 |
|a Animals
|x fiction
|
| 650 |
|
0 |
|a Childrens stories, Malay
|
| 700 |
1 |
|
|a Mohd Luqman
|
| 700 |
1 |
|
|a Mohd Zuhdi
|
| 999 |
|
|
|a 0001055690
|b Book
|c Children Collection
|e Perbadanan Perpustakaan Awam Johor
|
| 999 |
|
|
|a 0001055691
|b Book
|c Children Collection
|e Perbadanan Perpustakaan Awam Johor
|
| 999 |
|
|
|a 0001055692
|b Book
|c Children Collection
|e Perbadanan Perpustakaan Awam Johor
|
| 999 |
|
|
|a 0001055693
|b Book
|c Children Collection
|e Perbadanan Perpustakaan Awam Johor
|